Große Liste berühmter Seen - Statistiken

Allgemein
  • Dieses Quiz wurde 51 mal gespielt
  • Das Durchschnittsergebnis liegt bei 17 aus 44
Antwortstatistiken
Hinweis Fläche (km²) See % Korrekt
Größter in Deutschland 536 Bodensee
98%
Nach einer Königin benannt 59940 Victoriasee
95%
Gilt als größter See der Welt, aber auch ein vollwertiges Meer 389000 Kaspisches Meer
90%
Größter in Ungarn 600 Balaton
76%
Clevelands See 25667 Eriesee
76%
Größter See, der vollständig innerhalb der USA liegt 58030 Michigansee
76%
Überreste des 4.-größten Sees 1950 3300 Nördliche Aralsee
76%
Größter in Südamerika … 8372 Titicacasee
76%
Größter Süßwassersee nach Fläche 82100 Oberer See (Lake Superior)
74%
Tiefster und ältester See der Welt … 31722 Baikalsee
71%
Größter in Italien 370 Gardasee
71%
Seeungeheuer 36,2 Loch Ness
71%
Nach einer indigenen Gruppe benannt 59590 Huronsee
67%
Teilt seinen Namen mit einem Land im südlichen Afrika 29600 Malawisee
60%
Zweitgrößter in Deutschland 112,6 Müritz
60%
Niedrigste Landhöhe der Welt 605 Totes Meer
57%
Größter in Schweiz & Frankreich 580 Genfersee
55%
Einer von zwei kanadischen Seen, die mit „Great“ beginnen 31153 Großer Bärensee
52%
Torontos See 18970 Ontariosee
48%
Größter in Zentralamerika … 8264 Nicaraguasee
43%
Einer von zwei kanadischen Seen, die mit „Great“ beginnen 27200 Großer Sklavensee
40%
Wo Jesus über Wasser ging 166 See Genezareth
36%
Größter See Afrikas nach Volumen 32900 Tanganjikasee
36%
Bellagio / Luxusvillen 146 Comer See
33%
Größter in Europa … 17700 Ladogasee
31%
Größter in der Türkei 3755 Vansee
29%
Durch Abriegelung der Zuiderzee … 1100 IJsselmeer
26%
See in Nordafrika … 2000 Tschadsee
26%
Entstand durch den Assuan-Staudamm … 5250 Nassersee
21%
An Grenze Kalifornien/Nevada 191 Lake Tahoe
14%
Größter in Kasachstan 16400 Balchaschsee
10%
Nach einem nördlichen Säugetier benannt … 6650 Rentiersee
10%
Größter in Neuseeland 616 Tauposee
10%
Größter in Schottland 71 Loch Lomond
7%
Größter in Florida 1900 Okeechobeesee
7%
Unter 4000 Metern Eis … 12500 Wostoksee
5%
Tiefster See der USA 53 Crater Lake
2%
Olympiaregion 8,8 Lake Placid
2%
Ehemaliger See in Mexiko-Stadt 0 Texcocosee
2%
Caldera eines Supervulkans … 1130 Tobasee
2%
Größter in England 14,7 Windermere
2%
Quallensee 0,05 Jellyfish Lake
0%
„Missouri-Drache“ 220 Lake of the Ozarks
0%
Nördlichster Punkt der lower 48 4350 Lake of the Woods
0%
Keine übereinstimmenden Quizze gefunden
Verteilung der Resultate
Anzahl Personen mit jedem Resultat
Perzentil nach korrekt beantworteten Fragen
Ihre Resultats-Entwicklung
Sie haben dieses Quiz noch nicht gespielt